000 00518nam a22001937a 4500
003 NUST - PNEC
005 20170116180805.0
008 150421b xxu||||| |||| 00| 0 eng d
020 _a0070465843
040 _cLIBRARY
082 _a428.64 ALL
100 _92894
_a Allen, Harold B.
245 _aThe New technologies :
_cHarold B.Allen,
250 _a-
260 _aSingapore :
_bMc Graw Hill,
_cc 1986
300 _a122 p . :
650 _92895
_aThe New Technologies:
_xReaders--Technology
942 _2ddc
_cBK
999 _c63147
_d63147